Diario de Tlauhquéchol /

Diarios mexicanos es una colección que narra diversos momentos de la historia de México, con la estructura de un diario personal, a través del testimonio de una mujer de la época y con énfasis en la descripción de la vida cotidiana y en la manera como se hace presente en ella la Historia mayúscula....

Ful tanımlama

Kaydedildi:
Detaylı Bibliyografya
Yazar: Barrera, Norma (autor)
Materyal Türü: Kitap
Dil:İspanyolca
Baskı/Yayın Bilgisi: México : Planeta, 2000, c2000
Seri Bilgileri:(Diarios Mexicanos)
Konular:
Etiketler: Etiketle
Etiket eklenmemiş, İlk siz ekleyin!

MARC

LEADER 00000nam^a2200000^a^4500
001 000109586
005 20250521000000.0
009 20260310093725.861
020 |a 970-690-042-X 
037 |a Acervo ITESO - Biblioteca 
041 |a ESP 
082 |a 972.  |b DIA V. 1 
100 |a Barrera, Norma  |e (autor) 
240 1 1 |a [Diarios mexicanos] 
245 1 0 |a Diario de Tlauhquéchol /  |c N. Barrera. 
264 4 |a México :  |b Planeta,  |c 2000, c2000 
300 |a 148 p. 
336 |a texto  |b txt  |2 rdacontenido 
337 |a sin mediación  |b n  |2 rdamedio 
338 |a volumen  |b nc  |2 rdasoporte 
440 1 |a (Diarios Mexicanos) 
520 |a Diarios mexicanos es una colección que narra diversos momentos de la historia de México, con la estructura de un diario personal, a través del testimonio de una mujer de la época y con énfasis en la descripción de la vida cotidiana y en la manera como se hace presente en ella la Historia mayúscula. El Diario de Tlauquéchol está situado en la última etapa del Imperio Azteca, hacia el año 1518. 
649 |a XX 
650 |a Mujeres Mexicanas -  |x Historia 
650 |a Aztecas -  |x Historia -  |x Tema Principal 
650 |a Nahuas -  |x Historia 
650 |a México -  |x Historia -  |y Epoca Prehispánica -  |x Tema Principal 
910 |a Fondo General 
920 |a Impresos - Libros 
930 |a Colección General 
905 |a 101 
901 |a 0500045833  |b IT1  |c ACC  |u 20250521 
902 |a https://opac.biblio.iteso.mx/vufind/Record/000109586